Statistics for Countries of Asia in Reverse Alphabetical Order (with hints)

Click here to take the quiz!

General Stats

  • This quiz has been taken 19 times
    (11 since last reset)
  • The average score is 41 of 48

Answer Stats

First LetterCountry% Correct
YYemen
100%
JJapan
100%
UUzbekistan
100%
AArmenia
100%
TTurkmenistan
100%
TTurkey
100%
AAzerbaijan
100%
OOman
100%
IIsrael
100%
LLaos
88%
KKyrgyzstan
88%
KKuwait
88%
KKazakhstan
88%
JJordan
88%
IIran
88%
IIraq
88%
MMalaysia
88%
IIndonesia
88%
IIndia
88%
GGeorgia
88%
CCambodia
88%
VVietnam
88%
AAfghanistan
88%
SSyria
88%
UUnited Arab Emirates
88%
NNepal
88%
NNorth Korea
88%
TThailand
88%
PPhilippines
88%
QQatar
88%
SSingapore
88%
SSouth Korea
88%
SSri Lanka
88%
CChina
75%
BBhutan
75%
BBrunei
75%
TTajikistan
75%
MMaldives
75%
CCyprus
75%
EEast Timor
75%
TTaiwan
75%
MMongolia
75%
SSaudi Arabia
75%
PPakistan
75%
MMyanmar
75%
LLebanon
75%
BBangladesh
63%
BBahrain
63%

Score Distribution

Percentile by Number Answered

Percent of People with Each Score

Your Score History

You have not taken this quiz since the last reset